000
00227nam a2200097Ia 4500
008
240331s9999 xx 000 0 und d
082
_b
MUT
100
_a
Mutthuswami,N
245
0
_a
Ikkriyavin thathkala thamil agaradhi
942
_c
L
999
_c
3259
_d
3259